A Punjabi village in Pakistan.

Saved in:
Bibliographic Details
Main Author: Eglar, Zekiye
Format: Book
Language:English
Published: New York : Columbia U.P., 1960.
Subjects:
LEADER 00790nam a2200217 i 4500
001 c000361431
003 CARM
005 00000000000000.0
008 851113s1960 usuab 00000 eng d
019 1 |a 4141809  |z 25177773  |5 LACONCORD2021 
035 |a (OCoLC)258872  |5 LACONCORD2021 
100 1 |a Eglar, Zekiye. 
245 0 2 |a A Punjabi village in Pakistan. 
260 |a New York :  |b Columbia U.P.,  |c 1960. 
300 |a xxv, 240p. :  |b illus., maps. 
650 0 |a Punjab  |x Social life and customs. 
650 0 |a Villages. 
651 0 |a Pakistan  |x Rural conditions. 
852 8 |b CARM  |h A1:AM02D0  |i C09969  |p 0422883  |f BK 
999 f f |i ac4ab78b-f337-58c9-a62c-b7f9515f3666  |s 229b30dd-a270-5d8d-a525-a8315bcdd248 
952 f f |p Can circulate  |a CAVAL  |b CAVAL  |c CAVAL  |d CARM 1 Store  |e C09969  |f A1:AM02D0  |h Other scheme  |i book  |m 0422883